00930nam a22002417a 450000500170000000800410001702000180005804000250007604100080010104400070010908200210011610000280013724501640016526000540032930000230038349000250040650400520043165000360048365000560051965100390057570000370061470000370065120150204121149.0150204b2011 ck |||||r|||| 00| 0 spa d a9789995484811 aCo-BoIAVHcCo-BoIAVH aspa abo04a363.738742bB72c1 aBorasino-Deustua, Elena10aCosto económico de las emisiones de gases de efecto invernadero en la selva del Perú : bel caso de la hidroeléctrica Inambari / cElena Borasino Deustua aLa Paz:bConservation Strategy Fund - CSF,c2011. a42 p.bil.c25 cm. aSerie Académicav4 aIncluye referencias bibliográficas (p. 36-39) 4aEfecto invernaderoxincidencia. 4aGases de efecto invernaderoxaspectos económicos. aPerúxHidroeléctrica Inambari.1 aSuito, Sebastián,efotógrafo1 aBehoteguy, Margarita, eeditora.